Normal view
MARC view
- Kroese, P. Dirk
Entry Personal Name
001 - CONTROL NUMBER
- control field: 111772
003 - CONTROL NUMBER IDENTIFIER
- control field: NUST
005 - DATE AND TIME OF LATEST TRANSACTION
- control field: 20230410122202.0
008 - FIXED-LENGTH DATA ELEMENTS
- fixed length control field: 230410|| aca||aabn | a|a d
040 ## - CATALOGING SOURCE
- Original cataloging agency: NUST
- Transcribing agency: NUST
100 ## - HEADING--PERSONAL NAME
- Personal name: Kroese, P. Dirk
670 ## - SOURCE DATA FOUND
- Source citation: Work cat.: (NUST): Kroese, P. Dirk., Data Science & Machine Learning Mathematical & Statistical Method /, 2020.
